00239nam a2200085Ia 4500008004100000082001800041245004600059260003600105300001200141230907s9999||||xx |||||||||||||| ||und|| a660.2842bMCC 0aUnit operations of chemical engineering / aMcGraw-Hill,bNew Delhi :c2016 a1140 p.